|
|
|
|
| LEADER |
01948nam a2200421 a 4500 |
| 001 |
000000616 |
| 005 |
20070918143858.0 |
| 008 |
050727s1817 xo e lat |
| FMT |
|
|
|
| 040 |
|
|
|a SVKKK
|b slo
|c SVKKK
|e AACR2
|
| 041 |
0 |
|
|a lat
|a ger
|
| 044 |
|
|
|a xo
|c SK
|
| 080 |
|
|
|a 14
|
| 130 |
0 |
|
|a Spiritus
|
| 245 |
0 |
0 |
|a Spiritus Stoae =
|b Geist der Stoa : Erstes Heft.
|
| 260 |
|
|
|a Leutschau :
|b bey Johann Werthmüller privil. Buchdrucker,
|c 1817
|
| 300 |
|
|
|a XIX,20-127,[1] s. [1]/8-8/8 [=64] list.
|c 8°. 18,5x11,5 cm
|
| 500 |
|
|
|a Linky ozdobné, typograf. ozdoby, tlač. pozn. pod čiarou v jaz. lat., nem., súbežný dvojjaz. text lat., nem.
|
| 508 |
|
|
|a Na zl. [1]/2b-2/2a dvojjaz. lat., nem. úvod prekladateľa v závere s textom "...Kesmark den 24. May 1817." Na zl. 8/8b nesignov. záver.
|
| 510 |
4 |
|
|a Petrik III/421; Podmanická I/285 [pod Geist].
|
| 561 |
|
|
|a Peč.: Štátna vedecká knižnica v Košiciach; Kassai Kir. Jogakadémia Könyvtára; K. K. Rechtsakad. Bibliothek In Kaschau. Tlač. exlibris: Kassai királyi jogakademia Könyvtára Szekrény szám XX Osztályzat d.
|
| 563 |
|
|
|a Brož., ružový mramor. papier.
|
| 653 |
1 |
|
|a stoicizmus
|
| 653 |
2 |
|
|a listy
|
| 700 |
1 |
|
|a Smith, Amand Viliam,
|d 1754-1838
|4 aui
|4 trl
|
| 710 |
0 |
|
|a Werthmüller, Ján
|c Levoča
|d 1815-1844
|4 prt
|
| 710 |
0 |
|
|a knižnice - Knižnica Právnickej akadémie
|c Košice
|4 sgn
|
| 752 |
|
|
|a Slovensko
|d Levoča
|
| 852 |
|
|
|p R 132a PA
|
| 904 |
|
|
|a a---y----ia------yyyb-1001--
|
| 905 |
|
|
|a fg-a0cb-
|
| 910 |
|
|
|a svkkk
|
| 997 |
|
|
|c K. K. Rechtsakad. Bibliothek In Kaschau p. knižnice - Knižnica Právnickej akadémie Košice
|4 sgn
|
| 997 |
|
|
|c Kassai Kir. Jogakadémia Könyvtára p. knižnice - Knižnica Právnickej akadémie Košice
|4 sgn
|
| 997 |
|
|
|c Kassai királyi jogakademia Könyvtára p. knižnice - Knižnica Právnickej akadémie Košice
|4 sgn
|
| 997 |
|
|
|d Leutschau p. Levoča
|4 prt
|
| 998 |
|
|
|a MALETL
|
| BAS |
|
|
|